Central Library OPAC University of Rajshahi

Structural geology / (Record no. 11117)

MARC details
000 -LEADER
fixed length control field 00714nam a2200253 a 4500
001 - CONTROL NUMBER
control field 11117
003 - CONTROL NUMBER IDENTIFIER
rucl marc code BD-RjUL
005 - DATE AND TIME OF LATEST TRANSACTION
control field 20211208235055.0
008 - FIXED-LENGTH DATA ELEMENTS--GENERAL INFORMATION
fixed length control field 140126s1964 enka 001 0 eng d
020 ## - INTERNATIONAL STANDARD BOOK NUMBER
International Standard Book Number 070165734
035 ## - SYSTEM CONTROL NUMBER
System control number (BD-RjUL)11166
040 ## - CATALOGING SOURCE
Original cataloging agency BD-RjUL
Language of cataloging eng
Transcribing agency BD-RjUL
Modifying agency BD-RjUL
041 ## - LANGUAGE CODE
Language code of text/sound track or separate title eng
082 00 - DEWEY DECIMAL CLASSIFICATION NUMBER
Classification number 551.8
Edition number 18
Author mark and year SIS 1964
100 1# - MAIN ENTRY--PERSONAL NAME
Personal name Sitter, L. U. de
Fuller form of name (Lamoraal Ulbo),
Dates associated with a name 1902-
9 (RLIN) 34379
245 10 - TITLE STATEMENT
Title Structural geology /
Statement of responsibility, etc. by L.U. de Sitter.
250 ## - EDITION STATEMENT
Edition statement 2nd ed.
260 ## - PUBLICATION, DISTRIBUTION, ETC. (IMPRINT)
Place of publication, distribution, etc. London :
Name of publisher, distributor, etc. McGraw-Hill,
Date of publication, distribution, etc. 1964.
300 ## - PHYSICAL DESCRIPTION
Pagination xii, 551 p. :
Illustrations ill. ;
Size 23 cm.
504 ## - BIBLIOGRAPHY, ETC. NOTE
Bibliography, etc Includes index.
Bibliography, etc Bibliography: p.519-539.
650 #0 - SUBJECT ADDED ENTRY--TOPICAL TERM
Topical term or geographic name as entry element Geology, Structural.
9 (RLIN) 34380
942 ## - ADDED ENTRY ELEMENTS (KOHA)
Source of classification or shelving scheme Dewey Decimal Classification
Koha item type Books
Holdings
Lost status Source of classification or shelving scheme Damaged status Not for loan Collection code Permanent Location Current Location Shelving location Date acquired Source of acquisition Total Checkouts Full call number Date last seen Copy number Koha item type Cost, normal purchase price Date checked out
  Dewey Decimal Classification   Not For Loan Non-fiction Central Library, University of Rajshahi Central Library, University of Rajshahi Reading Room 10/06/1977 W. U. S Gift   551.8 SIS 1964 26/01/2014 C-1 Books    
  Dewey Decimal Classification     Non-fiction Central Library, University of Rajshahi Central Library, University of Rajshahi   10/06/1977 W. U. S Gift   551.8 SIS 1964 23/10/2016 C-2 Books    
  Dewey Decimal Classification     Non-fiction Central Library, University of Rajshahi Central Library, University of Rajshahi   06/08/1979 Heffers 1 551.8 SIS 1964 22/05/2017 C-3 Books 18.00 22/05/2017
  Dewey Decimal Classification     Non-fiction Central Library, University of Rajshahi Central Library, University of Rajshahi   06/08/1979 Heffers   551.8 SIS 1964 17/05/2017 C-4 Books 18.00